[Event "18th TCh-CRO"]
[Site "Sibenik CRO"]
[Date "2009.09.21"]
[Round "1"]
[White "Brkic,A"]
[Black "Feletar,D"]
[Result "1-0"]
[WhiteElo "2544"]
[BlackElo "2377"]

1.e4 c5 2.Nf3 d6 3.Bb5+ Nd7 4.d4 a6 5.Bxd7+ Bxd7 6.Nc3 e6 7.dxc5 dxc5 8.Bf4 Ne7
9.Ne5 Ng6 10.Qh5 Nxe5 11.Bxe5 Bc6 12.O-O Qa5 13.Rad1 c4 14.Qg5 Qc5 15.Rfe1 f6
16.Bxf6 Qxg5 17.Bxg5 Bb4 18.a3 Bxc3 19.bxc3 h6 20.Bf4 O-O 21.Be5 Rad8 22.Rd4 Rxd4
23.cxd4 Rd8 24.c3 Rd7 25.f3 Ba4 26.Kf2 Kf7 27.Ke3 Bc6 28.g4 Rd8 29.h4 g6
30.Rh1 h5 31.Rg1 Rg8 32.Kf4 Be8 33.Kg5 Ke7 34.Kf4 Kf7 35.gxh5 gxh5 36.Rxg8 Kxg8
37.Kg5 Kf8 38.Kf6 Bd7 39.Bd6+ Ke8 40.Kg6 Ba4 41.Kxh5 Bd1 42.Kg4 Kf7 43.h5 Kg7
44.Be5+ Kh6 45.Bf6 Ba4 46.Be5 Bd1 47.d5 exd5 48.exd5 Ba4 49.d6 Bd7+ 50.Kh4 b5
51.Bf4+ Kg7 52.Kg5  1-0

[Event "18th TCh-CRO"]
[Site "Sibenik CRO"]
[Date "2009.09.21"]
[Round "1"]
[White "Leventic,I"]
[Black "Hulak,K"]
[Result "1/2-1/2"]
[WhiteElo "2495"]
[BlackElo "2520"]

1.e4 c5 2.Nf3 d6 3.Bb5+ Bd7 4.Bxd7+ Qxd7 5.O-O Nc6 6.c3 Nf6 7.Re1 e6 8.d4 cxd4
9.cxd4 d5 10.e5 Ne4 11.Nbd2 Nxd2 12.Bxd2 Be7 13.Rc1 O-O 14.Re3 Rac8 15.Rec3 f6
16.exf6 Bxf6 17.Qa4 Rcd8 18.Rd3 Qf7 19.Be3 Be7 20.Rb3 Bd6 21.h3 Rd7 22.Qb5 Qh5
23.Ng5 Re7 24.Qd3 Rf5 25.Rxb7 Rxg5 26.Bxg5 Qxg5 27.Rxc6 Rxb7 28.Rxd6 Rxb2  1/2-1/2

[Event "TCh-ROU Superliga"]
[Site "Eforie Nord ROU"]
[Date "2009.09.22"]
[Round "4"]
[White "Carmaciu,L"]
[Black "Nevednichy,V"]
[Result "1/2-1/2"]
[WhiteElo "2407"]
[BlackElo "2601"]

1.e4 c5 2.Nf3 d6 3.Bb5+ Nd7 4.O-O Nf6 5.Re1 a6 6.Bxd7+ Nxd7 7.b3 b6 8.Bb2 e6
9.d3 Bb7 10.Nbd2 e5 11.c3 Be7 12.d4 O-O 13.dxe5 dxe5 14.Nc4 Qc7 15.Qc2 Rfe8
16.Ne3 Nf6 17.Nd2 Bf8  1/2-1/2

[Event "LIII TCh-ESP CECLUB Gp1"]
[Site "Lugo ESP"]
[Date "2009.09.22"]
[Round "3"]
[White "De Nacimiento Montano,Ang"]
[Black "Cabrera Trujillo,J"]
[Result "1-0"]
[WhiteElo "2168"]
[BlackElo "2410"]

1.e4 c5 2.Nf3 d6 3.Bb5+ Nc6 4.Bxc6+ bxc6 5.O-O e5 6.c3 f5 7.d4 exd4 8.exf5 Bxf5
9.cxd4 Be7 10.dxc5 dxc5 11.Qa4 Rc8 12.Re1 Nf6 13.Qxa7 Kf8 14.Qa4 Nd5 15.Bd2 Qb6
16.Bc3 h6 17.Nbd2 Qb5 18.Qxb5 cxb5 19.Re5 Bg6 20.Rxd5 b4 21.Be5 Bf7 22.Rd7  1-0

[Event "18th TCh-CRO"]
[Site "Sibenik CRO"]
[Date "2009.09.22"]
[Round "2"]
[White "Jovanovic,Zo CRO"]
[Black "Lalic,B"]
[Result "1/2-1/2"]
[WhiteElo "2535"]
[BlackElo "2495"]

1.e4 c5 2.Nf3 d6 3.Bb5+ Bd7 4.Bxd7+ Qxd7 5.O-O Nf6 6.Re1 Nc6 7.b3 e6 8.Bb2 Be7
9.c4 O-O 10.d4 cxd4 11.Nxd4 Rfd8 12.Nc3 a6 13.a4 Rab8 14.Qd2 Ne8  1/2-1/2

[Event "18th TCh-CRO w"]
[Site "Sibenik CRO"]
[Date "2009.09.23"]
[Round "3"]
[White "Kanceljak,D"]
[Black "Solic,K"]
[Result "0-1"]
[WhiteElo "1930"]
[BlackElo "2193"]

1.e4 c5 2.Nf3 d6 3.Bb5+ Nc6 4.d4 cxd4 5.Nxd4 Bd7 6.Nc3 g6 7.Be3 Bg7 8.O-O Nf6
9.Qd2 Ng4 10.Nce2 O-O 11.Rab1 Nxd4  0-1

[Event "TCh-ROU w Superliga"]
[Site "Eforie Nord ROU"]
[Date "2009.09.24"]
[Round "6"]
[White "Zdebskaja,N"]
[Black "Vasilevich,T"]
[Result "1/2-1/2"]
[WhiteElo "2410"]
[BlackElo "2423"]

1.e4 c5 2.Nf3 d6 3.Bb5+ Bd7 4.Bxd7+ Qxd7 5.c4 Nc6 6.d4 cxd4 7.Nxd4 g6 8.O-O Bg7
9.Be3 Nf6 10.f3 O-O 11.Nc3 Rfc8 12.b3 Qd8 13.Rc1 Qa5 14.Qd2 a6 15.Rfd1 Nxd4
16.Bxd4 b5 17.Bxf6 Bxf6 18.Nd5 Qxd2 19.Nxf6+ Kg7 20.Ne8+ Rxe8 21.Rxd2 Rec8
22.Rdc2 Kf6 23.Kf2 Rc7 24.cxb5 Rxc2+ 25.Rxc2 axb5 26.Ke3  1/2-1/2

[Event "TCh-ROU Superliga"]
[Site "Eforie Nord ROU"]
[Date "2009.09.24"]
[Round "6"]
[White "Dobre,C"]
[Black "Smeets,J"]
[Result "0-1"]
[WhiteElo "1481"]
[BlackElo "2642"]

1.e4 c5 2.Nf3 d6 3.Bb5+ Nc6 4.d4 cxd4 5.Nxd4 Bd7 6.O-O Nf6 7.Nc3 g6 8.Be3 Bg7
9.Be2 O-O 10.f4 Qb6 11.Qd3 Qc7 12.Nxc6 Bxc6 13.Bf3 b5 14.Nd5 Bxd5 15.exd5 Rab8
16.c3 a5 17.Bd4 Nd7 18.Rfe1 Rfe8 19.b3 b4 20.Rac1 Rbc8 21.Bxg7 Kxg7 22.Qd4+ Kg8
23.Rc2 Qc5 24.Rec1 bxc3 25.Qxc5 Nxc5 26.Rxc3 Rc7 27.Kf1 Rb8 28.Rc4 Rcb7 29.Ke2 a4
30.bxa4 Rb2+ 31.R1c2 Nxa4 32.Ke3 Nc5 33.Be2 Kg7 34.g4 R2b7 35.h4 Ra7 36.R4c3 Rb1
37.Kf3 Rh1 38.Kg2 Rxh4 39.Re3 h6 40.Bf3 g5 41.fxg5 hxg5 42.Rce2 Kf8 43.Kg3 Rh6
44.Rb2 Nd7 45.Be2 Rh1  0-1

[Event "Maotai Prince Cup Queens"]
[Site "JinZhou CHN"]
[Date "2009.09.24"]
[Round "7"]
[White "Xu Yuhua"]
[Black "Huang Qian"]
[Result "0-1"]
[WhiteElo "2485"]
[BlackElo "2424"]

1.e4 c5 2.Nf3 d6 3.Bb5+ Nc6 4.O-O Bd7 5.Re1 Nf6 6.c3 a6 7.Ba4 c4 8.Bc2 Rc8
9.h3 e6 10.b3 b5 11.Qe2 Ne5 12.Nd4 Be7 13.a4 O-O 14.axb5 axb5 15.f4 Ng6 16.d3 e5
17.Nf5 cxd3 18.Bxd3 exf4 19.Bxb5 Qb6+ 20.Nd4 Rxc3 21.Nxc3 Qxd4+ 22.Qf2 Qxc3
23.Bb2 Qxb3 24.Bxf6 Bxf6 25.Bxd7 Bxa1 26.Rxa1 Ne5 27.Bg4 Nxg4 28.hxg4 g5
29.Qd4 Qe6 30.Ra5 h6 31.Rd5 Qxg4 32.Rxd6 f3 33.Qf2 Qxg2+ 34.Qxg2 fxg2  0-1

[Event "TCh-ISL 2009-10"]
[Site "Rekjavik ISL"]
[Date "2009.09.25"]
[Round "1"]
[White "Kristinardottir,E"]
[Black "Thorsteinsson,Arn"]
[Result "0-1"]
[WhiteElo "1766"]
[BlackElo "2225"]

1.e4 c5 2.Nf3 d6 3.Bb5+ Bd7 4.Bxd7+ Nxd7 5.Nc3 g6 6.O-O Bg7 7.d3 Ngf6 8.Re1 O-O
9.h3 Rb8 10.Bf4 e5 11.Bg5 h6 12.Bxf6 Nxf6 13.a4 a6 14.a5 Re8 15.Qd2 d5 16.Na4 Rc8
17.Nb6 Rc6 18.Qc3 c4 19.exd5 Nxd5 20.Nxd5 e4 21.Qb4 Qxd5 22.Qxb7 Qb5 23.Qd7 Rce6
24.Qxb5 axb5 25.Rxe4 Rxe4 26.dxe4 Bxb2 27.Ra2 Bc3 28.a6 b4 29.a7 Ra8 30.Ra6 b3
31.cxb3 cxb3 32.Rb6 b2 33.Rb8+ Kg7 34.Rb7 Rxa7 35.Rxa7 b1=Q+  0-1

[Event "Bolungarvik Open"]
[Site "Reykjavik ISL"]
[Date "2009.09.25"]
[Round "9"]
[White "Lagerman,R"]
[Black "Gunnarsson,J"]
[Result "1-0"]
[WhiteElo "2351"]
[BlackElo "2462"]

1.e4 c5 2.Nf3 d6 3.Bb5+ Nc6 4.Bxc6+ bxc6 5.O-O e5 6.d3 Be7 7.Nbd2 f5 8.Re1 f4
9.c3 g5 10.Nc4 Be6 11.Qa4 Qc7 12.d4 g4 13.Nfxe5 dxe5 14.Nxe5 Rc8 15.Nd3 Bg5
16.Nxc5 Bf7 17.e5 Ne7 18.Ne4 h6 19.Nd6+ Kf8 20.Nxc8 Qxc8 21.e6 Bxe6 22.Qxa7 Rh7
23.Qc5 Rf7 24.Qe5 Bd5 25.b3 Kg8 26.Ba3 Bf6 27.Qh5 Nf5 28.c4 g3 29.Qg6+ Kh8
30.hxg3 fxg3 31.fxg3 Be6 32.Bb2 Rf8 33.Rad1 Bg8 34.Rf1 Bh7 35.Qh5 Nxg3 36.Qxh6 Nxf1
37.Rxf1 Bg7 38.Rxf8+ Qxf8 39.Qxc6 Qf5 40.Qe8+ Bg8 41.Qe1 Qc2 42.Bc3 Qxa2
43.d5 Qxb3 44.Qh4+ Bh7 45.Qd8+ Bg8 46.Qh4+ Bh7 47.Bxg7+ Kxg7 48.Qe7+ Kg8
49.Qe6+ Kg7 50.Qe5+ Kf7 51.d6 Qb1+ 52.Kh2 Bf5 53.Qe7+ Kg6 54.Qe8+ Kg5 55.d7 Bxd7
56.Qe7+ Kg6 57.Qxd7 Qb8+ 58.Kh3 Qb3+ 59.Kh4 Qb1 60.Qe6+ Kg7 61.Qe5+ Kg6 62.Qg5+ Kf7
63.Qd5+ Kg6 64.Qe6+ Kg7 65.g4 Qf1 66.Kh5 Qh1+ 67.Kg5 Qc1+ 68.Kf5 Qc2+ 69.Ke5 Qb2+
70.Kd5 Qb3 71.Kd6 Qb6+ 72.Kd5 Qb3 73.Qe5+ Kf7 74.Qf5+ Ke7 75.Qe6+ Kd8 76.g5 Qd3+
77.Ke5 Qg3+ 78.Kf6 Qf4+ 79.Kg6 Qc1 80.Qd6+ Ke8 81.Qe5+ Kd7 82.c5 Qc4 83.Kg7 Qg4
84.g6  1-0

[Event "TCh-ROU Superliga"]
[Site "Eforie Nord ROU"]
[Date "2009.09.26"]
[Round "8"]
[White "Carmaciu,L"]
[Black "Fedorov,Alex"]
[Result "0-1"]
[WhiteElo "2407"]
[BlackElo "2600"]

1.e4 c5 2.Nf3 d6 3.Bb5+ Nd7 4.O-O a6 5.Bxd7+ Bxd7 6.b3 e5 7.c3 Nf6 8.Re1 Be7
9.d4 exd4 10.cxd4 O-O 11.h3 d5 12.e5 Ne4 13.dxc5 Bxc5 14.Be3 Bb4 15.Nbd2 Rc8
16.Nxe4 dxe4 17.Bd2 Ba3 18.Bg5 Qe8 19.Nd2 Qxe5 20.Nc4 Qxg5 21.Qxd7 Bb4 22.Rxe4 b5
23.Ne3 Rcd8 24.Qc6 Rd6 25.Qc7 Ba3 26.Qc3 Qc5 27.Qxc5 Bxc5 28.a4 f5 29.Rf4 Bd4
30.Ra2 g6 31.axb5 axb5 32.Rf3 Rc8 33.g4 fxg4 34.hxg4 Kg7 35.Ra5 Rb8 36.Kg2 Bc5
37.Ra1 Re8 38.Ra5 Rb8 39.Ra2 Bb6 40.Rc2 Re8 41.Rc3 Re4 42.Kh3 Kh6 43.Nf1 Kg5
44.Nh2 Rf6 45.Kg3 Bd4 46.Rxf6 Bxc3 47.Rf7 Be5+ 48.Kg2 Bxh2 49.Kxh2 Rf4 50.Rb7 Kxg4
51.Kg2 Rb4 52.Rxh7 Rxb3 53.Rf7 Rc3 54.Rf6 Kg5 55.Rf8 b4 56.Rb8 b3 57.Rb6 Kf5
58.f3 Kf4 59.Rf6+ Ke3 60.Rxg6 Kd2 61.Kg3 b2 62.Rb6 Kc2  0-1

[Event "TCh-ISL 2009-10"]
[Site "Rekjavik ISL"]
[Date "2009.09.26"]
[Round "2"]
[White "Arngrimsson,D"]
[Black "Steindorsson,S"]
[Result "1/2-1/2"]
[WhiteElo "2396"]
[BlackElo "2216"]

1.e4 c5 2.Nf3 d6 3.Bb5+ Bd7 4.Bxd7+ Nxd7 5.O-O Ngf6 6.Re1 e6 7.c3 Be7 8.d4 d5
9.exd5 Nxd5 10.c4 N5b6 11.d5 O-O 12.dxe6 fxe6 13.Qe2 e5 14.Nc3 a6 15.a4 Bf6
16.a5 Nc8 17.Qe4 Qc7 18.Qd5+ Rf7 19.Ne4 Ne7 20.Qd3 h6 21.Rd1 Rd8 22.Qd6 Qc6
23.Nxf6+ gxf6 24.Nh4 Qe4 25.g3 Nc6 26.Be3 Nd4 27.Bxd4 cxd4 28.b4 Rc8 29.Qe6 Rc6
30.Qe8+ Nf8 31.Re1 Qg4 32.f3 Qg5 33.Re4 h5 34.f4 Qg4 35.Rae1 Re6 36.Qc8 f5
37.Rxe5 Rxe5 38.Rxe5 d3 39.Nxf5 d2 40.Nh6+ Kh7 41.Nxg4 d1=Q+ 42.Kg2 hxg4
43.Rh5+ Kg8 44.Rg5+ Rg7 45.Rxg7+ Kxg7 46.Qxb7+ Nd7 47.c5  1/2-1/2

[Event "TCh-ISL 2009-10"]
[Site "Rekjavik ISL"]
[Date "2009.09.26"]
[Round "2"]
[White "Thorgeirsson,S"]
[Black "Gretarsson,A"]
[Result "1-0"]
[WhiteElo "2142"]
[BlackElo "2328"]

1.e4 c5 2.Nf3 d6 3.Bb5+ Nd7 4.d4 cxd4 5.Qxd4 Nf6 6.Nc3 a6 7.Bxd7+ Bxd7 8.Bg5 Ng4
9.h3 Ne5 10.Nxe5 dxe5 11.Qxe5 Qb8 12.Qd4 Bc6 13.Rd1 e5 14.Qb6 Bd6 15.O-O O-O
16.Nd5 Qe8 17.c4 h6 18.Bxh6 f5 19.Bg5 fxe4 20.c5 e3 21.Nxe3 Be7 22.Bxe7 Qxe7
23.Qb3+ Kh8 24.Rd6 Qg5 25.Ng4 Rf5 26.Qe3 Qe7 27.Re1 Re8 28.b4 Qf7 29.a3 Qc4
30.Qg3 e4 31.Ne3 Qc3 32.Nxf5 Qxe1+ 33.Kh2 Qa1 34.Rd4 Re7 35.Nxe7  1-0

[Event "IMA"]
[Site "Zdar nad Sazavou CZE"]
[Date "2009.09.26"]
[Round "1"]
[White "Boehnisch,M"]
[Black "Kratochvil,Jo"]
[Result "0-1"]
[WhiteElo "2364"]
[BlackElo "2202"]

1.e4 c5 2.Nf3 d6 3.Bb5+ Nd7 4.d4 Nf6 5.dxc5 Qa5+ 6.Nc3 Nxe4 7.c6 bxc6 8.Bxc6 Nxc3
9.Bd2 Nxd1 10.Bxa5 Nxf2 11.Kxf2 Rb8 12.Nd4 Bb7 13.Ba4 e5 14.Nb5 a6 15.Nc7+ Ke7
16.b4 Nf6 17.Rhe1 Ne4+ 18.Kg1 f5 19.c4 Kf6 20.Rac1 Be7 21.Nd5+ Bxd5 22.cxd5 Bd8
23.Bxd8+ Rhxd8 24.a3 a5 25.bxa5 Ra8 26.Bc6 Rxa5 27.a4 Rb8 28.Rb1 Rxb1 29.Rxb1 Nc3
30.Rb8 Nxa4 31.Rd8 Nc5 32.h4 e4 33.Re8 f4 34.g4 e3 35.Kg2 Ra2+ 36.Kh3 e2
37.Bb5 Ra3+ 38.Kg2 f3+ 39.Kf2 Nd3+  0-1

[Event "69th ch-ITA s/f"]
[Site "Arvier ITA"]
[Date "2009.09.27"]
[Round "2"]
[White "Martorelli,A"]
[Black "Pepino,E"]
[Result "1-0"]
[WhiteElo "2225"]
[BlackElo "2110"]

1.e4 c5 2.Nf3 d6 3.Bb5+ Nc6 4.O-O Bd7 5.c3 Nf6 6.Re1 e6 7.d4 cxd4 8.cxd4 a6
9.Bxc6 bxc6 10.Nc3 Be7 11.Bg5 h6 12.Bxf6 gxf6 13.Qd2 Qa5 14.d5 Kf8 15.a3 Kg7
16.b4 Qb6 17.Rac1 Rac8 18.Nd4 c5 19.bxc5 Rxc5 20.Re3 Rhc8 21.Rg3+ Kh7 22.Nde2 e5
23.Rb1 Qc7 24.h3 f5 25.exf5 Bxf5 26.Rb4 Qd8 27.Rb7 R5c7 28.Qb2 Bg6 29.Rf3 Qd7
30.Rxc7 Qxc7 31.Ng3 Qb8 32.Qe2 Qb6 33.Nce4 Qb5 34.Qd1 Qb2 35.Kh2 Qc2 36.Nf6+ Bxf6
37.Qxc2 Rxc2 38.Rxf6 Ra2 39.Rxd6 Rxa3 40.Nf1 Ra2 41.Kg3 Ra3+ 42.Kh2 Ra2 43.Kg3 Ra3+
44.Ne3 Kg7 45.Kf3 Kf8 46.g4 Ke7 47.Rb6 a5 48.h4 h5 49.gxh5 Bxh5+ 50.Ke4 f6
51.Kf5 Ra4 52.Rb7+ Kd6 53.Rb6+ Ke7 54.Re6+ Kd7 55.Rxf6 Rxh4 56.Kxe5 Be2 57.Nf5 Rh5
58.Kd4 Bg4 59.Ne3 Be2 60.Kc5 a4 61.Rf7+ Ke8 62.Ra7 Rh4 63.Nf5 Rf4 64.Ng7+  1-0

[Event "74th ch-ESP Absoluto"]
[Site "Palma de Mallorca ESP"]
[Date "2009.09.29"]
[Round "4"]
[White "Gutierrez Castillo,P"]
[Black "Estremera Panos,S"]
[Result "1/2-1/2"]
[WhiteElo "2151"]
[BlackElo "2402"]

1.e4 c5 2.Nf3 d6 3.Bb5+ Bd7 4.Bxd7+ Nxd7 5.c4 Ngf6 6.Nc3 Ne5 7.O-O e6 8.Ne1 Be7
9.d4 cxd4 10.Qxd4 Qc7 11.b3 a6 12.h3 Rc8 13.a4 O-O 14.Be3 Ned7 15.Qd1 b6
16.f3 Rfd8 17.Rf2 h6 18.Rd2 Bf8 19.Rc1 Qb7 20.Bf4 Qc7 21.Bxd6 Bxd6 22.Rxd6 Nc5
23.Rxd8+ Rxd8 24.Qc2 Qf4 25.Rd1 Qe3+ 26.Qf2 Qxf2+ 27.Kxf2 Rxd1  1/2-1/2

[Event "18th TCh-CRO b"]
[Site "Sibenik CRO"]
[Date "2009.09.29"]
[Round "9"]
[White "Orak,L"]
[Black "Sinanovic,M"]
[Result "1/2-1/2"]
[WhiteElo "2341"]
[BlackElo "2386"]

1.e4 c5 2.Nf3 d6 3.Bb5+ Nc6 4.O-O Bd7 5.Re1 a6 6.Bf1 Bg4 7.h3 Bxf3 8.Qxf3 g6
9.c3 Bg7 10.d3 e5 11.Na3 Nge7 12.Bg5 O-O 13.Bf6 Bxf6 14.Qxf6 Nc8 15.Qf3 Kg7
16.g3 N8e7 17.Bg2 b5 18.Nc2 Qb6 19.Ne3 b4 20.Nc4 Qc7 21.a3 bxc3 22.bxc3 Na5
23.Nxa5 Qxa5 24.d4 cxd4 25.cxd4 Nc6 26.dxe5 dxe5 27.Rac1 Nd4 28.Qc3 Qxc3
29.Rxc3 Rfc8 30.Rxc8 Rxc8 31.Re3 Rc1+ 32.Bf1 a5 33.Kg2 g5 34.Be2 f6 35.h4 Re1
36.Bd3 Rxe3 37.fxe3 Ne6 38.Kf3 Nc5 39.Bc4 Kg6 40.Bd5 Na4 41.Bc6 Nc3 42.Be8+ Kg7
43.Bc6 Nb1 44.a4 Nd2+ 45.Kg4 gxh4 46.gxh4 Nc4 47.Kf3 Nd6 48.Kg4 Kg6 49.Bd5 Ne8
50.Bc4 Nd6 51.Bd5 Kg7 52.Kh5 Nc8 53.Kg4 Nb6 54.Bc6 Nc4 55.Kf3 Kh6 56.Bd5 Nb2
57.Bc6 Kh5 58.Kg3 Nd3 59.Be8+ Kh6 60.Kg4 Kg7 61.Bb5 Nc5 62.Bc6 Kf7 63.Kh5 Kg8
64.Kg4 Kg7 65.Kh5  1/2-1/2

[Event "FSGM October"]
[Site "Budapest HUN"]
[Date "2009.10.04"]
[Round "2"]
[White "Wittmann,W"]
[Black "Ilincic,Z"]
[Result "1/2-1/2"]
[WhiteElo "2291"]
[BlackElo "2474"]

1.e4 c5 2.Nf3 d6 3.Bb5+ Bd7 4.Bxd7+ Qxd7 5.O-O Nc6 6.c3 d5 7.exd5 Qxd5 8.d4 Rd8
9.Qa4 e6 10.Be3 Nf6 11.Na3 cxd4 12.Nxd4  1/2-1/2

[Event "14th ECC w"]
[Site "Ohrid MKD"]
[Date "2009.10.04"]
[Round "1"]
[White "Skripchenko,A"]
[Black "Motoc,A"]
[Result "1-0"]
[WhiteElo "2448"]
[BlackElo "2316"]

1.e4 c5 2.Nf3 d6 3.Bb5+ Bd7 4.Bxd7+ Qxd7 5.c4 Nf6 6.Nc3 g6 7.O-O Bg7 8.d4 cxd4
9.Nxd4 O-O 10.Bg5 h6 11.Bh4 Nc6 12.Nc2 Qe6 13.Qe2 Rac8 14.Rad1 Nd7 15.Nd5 g5
16.Bg3 f5 17.f3 fxe4 18.b3 Nc5 19.Rfe1 Be5 20.fxe4 a5 21.Qh5 Bxg3 22.hxg3 Kh7
23.Nce3 Qf7 24.Qe2 Nxe4 25.Qd3 Qg6 26.Ng4 Nf6 27.Rxe7+ Nxe7 28.Ngxf6+ Rxf6
29.Nxf6+ Kg7 30.Ne4 Nc6 31.Qc3+ Kh7 32.Nf6+ Kg7 33.Rxd6 Kf7 34.c5 Ne7 35.Qc4+ Kg7
36.Ne4 Qf5 37.Qd4+ Kg8 38.Rxh6 Ng6 39.Nd6 Qb1+ 40.Kh2 Rf8 41.Ne4  1-0

[Event "74th ch-ESP Absoluto"]
[Site "Palma de Mallorca ESP"]
[Date "2009.10.04"]
[Round "9"]
[White "Recuero Guerra,D"]
[Black "Lopez Martinez,Josep"]
[Result "0-1"]
[WhiteElo "2492"]
[BlackElo "2570"]

1.e4 c5 2.Nf3 d6 3.Bb5+ Nd7 4.O-O Nf6 5.Re1 a6 6.Bf1 b6 7.d3 Bb7 8.Nbd2 e5
9.c3 Be7 10.d4 O-O 11.d5 Ne8 12.c4 g6 13.a4 a5 14.h3 f5 15.exf5 gxf5 16.g4 Ng7
17.gxf5 Rxf5 18.Ra3 Nf6 19.Nh2 Bc8 20.Bg2 Qf8 21.Nhf1 Rh5 22.Rf3 Qe8 23.b3 Rh4
24.Bb2 Ra7 25.Qa1 Bd8 26.Rfe3 Nf5 27.Rd3 Rg7 28.Ng3 Nh5 29.Nde4 Nf4 30.Rf3 Qg6
31.Bxe5 Nxg2 32.Kxg2 dxe5 33.Qxe5 Re7 34.Qb8 Rhxe4 35.Rxe4 Rxe4 36.Qxc8 Nh4+
37.Kf1 Re8 38.Re3 Qb1+ 39.Ke2 Qc2+ 40.Ke1 Ng2+  0-1

[Event "ch-USA w"]
[Site "Saint Louis USA"]
[Date "2009.10.05"]
[Round "2"]
[White "Fan Yun"]
[Black "Zenyuk,I"]
[Result "0-1"]
[WhiteElo "1935"]
[BlackElo "2285"]

1.e4 c5 2.Nf3 d6 3.Bb5+ Bd7 4.Bxd7+ Qxd7 5.c4 Nc6 6.Nc3 Nf6 7.d4 cxd4 8.Nxd4 g6
9.f3 Bg7 10.Be3 O-O 11.O-O Rfc8 12.b3 Qd8 13.Qd2 Qa5 14.a3 a6 15.Rfc1 Nd7
16.Ra2 Nxd4 17.Bxd4 Bxd4+ 18.Qxd4 Qc5 19.Qxc5 Rxc5 20.a4 Rac8 21.Rd1 Kf8
22.Re2 R5c6 23.Re3 Nc5 24.Rb1 e6 25.Na2 Ke7 26.h3 h5 27.h4 Rb8 28.Rc3 f5
29.exf5 gxf5 30.g3 Rf8 31.a5 Nd7 32.Re1 Kf7 33.Rec1 Rg8 34.Kf2 Rgc8 35.R1c2 Ne5
36.f4 Ng4+ 37.Kf3 Nf6 38.Re3 Rc5 39.Nc3 Rxa5 40.Ne2 Ng4 41.Rd3 e5 42.Rdc3 b5
43.cxb5 Rxc3+ 44.Nxc3 axb5 45.fxe5 dxe5 46.b4 Ra3 47.Ke2 e4 48.Nxb5 Rxg3
49.Rc5 Rg2+ 50.Ke1 Kf6 51.Nd4 Ne5 52.Rb5 Nd3+ 53.Kd1 f4 54.Rxh5 e3 55.Rf5+ Kg6
56.h5+ Kh6 57.Ne2 Rf2 58.b5 f3 59.Rf6+ Kh7 60.Rf7+ Kg8  0-1

[Event "FSIMA October"]
[Site "Budapest HUN"]
[Date "2009.10.10"]
[Round "7"]
[White "Rooze,J"]
[Black "Kahn,E"]
[Result "0-1"]
[WhiteElo "2253"]
[BlackElo "2245"]

1.e4 c5 2.Nf3 d6 3.Bb5+ Bd7 4.Bxd7+ Qxd7 5.O-O g6 6.c3 Bg7 7.d4 e6 8.Be3 b6
9.e5 cxd4 10.cxd4 d5 11.Qd2 Ne7 12.Bh6 Bxh6 13.Qxh6 Nf5 14.Qd2 h5 15.Nc3 Nc6
16.Rac1 Rc8 17.Ne2 O-O 18.h3 Qe7 19.Rc3 Na5 20.Rfc1 Rxc3 21.Rxc3 Nc4 22.Qc1 Rd8
23.b3 Na5 24.Rc7 Rd7 25.Rxd7 Qxd7 26.g4 Qb5 27.gxf5 Qxe2 28.fxe6 fxe6 29.Qc8+ Kg7
30.Qd7+ Kh6 31.Qd8 Qxf3 32.Qh8+ Kg5 33.Qd8+ Kf5 34.Qf6+ Ke4 35.Qxe6 Kxd4
36.Qf6 Qf5 37.f4 Ke4 38.Qd6 Qxf4  0-1

[Event "LA Open"]
[Site "Los Angeles USA"]
[Date "2009.10.11"]
[Round "5"]
[White "Khachiyan,M"]
[Black "Matikozian,A"]
[Result "1/2-1/2"]
[WhiteElo "2528"]
[BlackElo "2470"]

1.e4 c5 2.Nf3 d6 3.Bb5+ Bd7 4.Bxd7+ Qxd7 5.O-O Nc6 6.c3 Nf6 7.Re1 e6 8.d4 cxd4
9.cxd4 d5 10.e5 Ne4 11.Nc3 Nxc3 12.bxc3 Be7  1/2-1/2

[Event "Unive Open"]
[Site "Hoogeveen NED"]
[Date "2009.10.16"]
[Round "1"]
[White "Kasparova,T"]
[Black "Gruenfeld,Y"]
[Result "1/2-1/2"]
[WhiteElo "2175"]
[BlackElo "2474"]

1.e4 c5 2.Nf3 d6 3.Bb5+ Nd7 4.O-O Nf6 5.Re1 a6 6.Bf1 Ne5 7.Nxe5 dxe5 8.a4 Bg4
9.Be2 Be6 10.Bf3 g6 11.b3 Bg7 12.Bb2 Qc7 13.Na3 O-O 14.Qe2 Nd7 15.Nc4 Nb8
16.Bg4 Bxg4 17.Qxg4 Nc6 18.d3 b5 19.Ne3 e6 20.axb5 axb5 21.h3 Nd4 22.Rxa8 Rxa8
23.Ra1 Rxa1+ 24.Bxa1 Qa5 25.Qd1 h5 26.Bxd4 exd4 27.Nf1 Bh6 28.Nh2 Kg7 29.Nf3 f6
30.Qf1 e5 31.Qd1 Qa2 32.g3 Qb2 33.Kg2 Kf7 34.Nh4 Bg5 35.Nf3 Bc1 36.Nh4 Bg5
37.Nf3 Bh6 38.Nh4 Qc1 39.Qxc1 Bxc1 40.Kf3 Bg5 41.Ng2 Ke6 42.Ke2 f5 43.f3 Bf6
44.Kd2 Bg5+ 45.Ke2 f4 46.g4 Bd8 47.gxh5 gxh5 48.Kd2 Kd6 49.c4 dxc3+ 50.Kxc3 Kc6
51.Kb2 Kb6 52.Ne1 Bh4 53.Nc2 Ka5 54.Kc3 Bf2 55.Kb2 Bg1 56.Kc3 Be3 57.Kb2 Bd2
58.Ka2 Kb6 59.Kb2 Kc6 60.Na3 Ba5 61.Nb1 c4 62.bxc4 bxc4 63.Kc2 Kc5 64.Na3 cxd3+
65.Kxd3 Kb4 66.Nc4 Bc7 67.Nd2 Kb5 68.Nc4 Kc5 69.Kc3 Bb8 70.Kd3 Kb5 71.Kc3 Bc7
72.Na3+ Kc5 73.Nc4 Bb8 74.Na3 Bd6 75.Nc4 Bc7 76.Kd3 Kb4 77.Nd2 Bb8  1/2-1/2

[Event "TCh-FIN 2009-10"]
[Site "Finland FIN"]
[Date "2009.10.17"]
[Round "3"]
[White "Pihlajasalo,H"]
[Black "Mertanen,J"]
[Result "1/2-1/2"]
[WhiteElo "2264"]
[BlackElo "2292"]

1.e4 c5 2.Nf3 d6 3.Bb5+ Bd7 4.Bxd7+ Qxd7 5.O-O Nf6 6.Re1 Nc6 7.d3 g6 8.Nbd2 Bg7
9.Nf1 O-O 10.c3 b5 11.a3 a5 12.Ng3 a4 13.d4 cxd4 14.cxd4 Na5 15.Bd2 Nb3 16.Rb1 Rac8
17.Bc3 Qb7 18.Nd2 Nxd2 19.Qxd2 Rc4 20.f3 Nd7 21.Ne2 Rfc8 22.Kh1 Nb6 23.Qd3 Qa6
24.h3 R4c7 25.f4 Nc4 26.f5 Qb7 27.fxg6 hxg6 28.Rf1 e5 29.d5 Rf8 30.Rf3 Qc8
31.Rbf1 Qe8 32.g4 Qe7 33.Kg2 Bh6 34.Ng3 Bg5 35.Ne2 Bh4 36.Rg1 Kg7 37.Rgf1 f6
38.Rh1 Rfc8 39.Rhf1 Rb7 40.Rh1 Rbc7 41.Rhf1 Rh8 42.Rh1 Rcc8 43.Rhf1 Qb7 44.Rb1 Bg5
45.Kh2 Rh7 46.Rh1 Rch8 47.Rg1 Qb6 48.Rgg3 Rh6 49.Rg1 Qa7 50.Rgg3 Rh4 51.Kh1 Qd7
52.Kg2 Qa7 53.Kh1 R4h7 54.Kh2 Kg8 55.Kh1 Rh6 56.Kh2 Rh4 57.Kh1 Qh7 58.Kg2 Qh6
59.Kh2 Bf4 60.Nxf4 exf4 61.Rg1 g5 62.Rg2 Ne3 63.Qxb5 Rxh3+ 64.Kg1 Rh1+ 65.Kf2 Nxg2
66.Qe8+  1/2-1/2

[Event "Bundesliga 2009-10"]
[Site "Hamburg GER"]
[Date "2009.10.17"]
[Round "1"]
[White "Skripchenko,A"]
[Black "Breier,A"]
[Result "1-0"]
[WhiteElo "2448"]
[BlackElo "2405"]

1.e4 c5 2.Nf3 d6 3.Bb5+ Bd7 4.Bxd7+ Qxd7 5.O-O Nf6 6.Qe2 Nc6 7.Rd1 g6 8.c3 Bg7
9.d4 cxd4 10.cxd4 d5 11.e5 Ne4 12.Nc3 Nxc3 13.bxc3 O-O 14.h4 Rfc8 15.h5 gxh5
16.Nh2 Qf5 17.Rd3 Nd8 18.Rf3 Qe4 19.Re3 Qf5 20.Qb5 Ne6 21.Qxd5 Rc7 22.Qb3 Kh8
23.Bd2 Rg8 24.Rf3 Qg6 25.Rg3 Qf5 26.Nf3 Nf4 27.Qd1 Bh6 28.Nh4 Qe4 29.Bxf4 Qxf4
30.Qxh5 Rxg3 31.fxg3 Qe3+ 32.Kh2 e6 33.Rf1 Qg5 34.Qf3 Bg7 35.Qd3 Qe7 36.Nf3 Bh6
37.Nd2 Qg5 38.Ne4 Qe3 39.Qb1 Bg7 40.Rf3 Qh6+ 41.Kg1 Qg6 42.Qd3 Bf8 43.Rf6 Qh5
44.Rf4 Bh6 45.Rh4 Qg6 46.Qf3 Bg5 47.Rg4 h6 48.Qe2 Rc6 49.Qf3 Kg7 50.Nd6 Rb6
51.Re4 Rb1+ 52.Kh2 b6 53.Re2 Rc1 54.Rf2 a5 55.a4 Ra1 56.Qxf7+ Qxf7 57.Rxf7+ Kg6
58.Rb7 Bd2 59.Ne4 Be3 60.g4 h5 61.gxh5+ Kxh5 62.Rxb6 Kh4 63.g3+ Kg4 64.Rb2 Rxa4
65.Kg2 Rc4 66.Re2 Bc1 67.Nf2+ Kf5 68.Ne4 Kg4 69.Re1 Bb2 70.Rb1 Ba3 71.Ra1 Bb2
72.Ra2 Bxc3 73.Rc2 Rxd4 74.Nf2+ Kf5 75.Rxc3 Kxe5 76.Rc5+ Rd5 77.Rc6 a4 78.Ra6 Rd4
79.Kf3 Rc4 80.Ng4+ Kd4 81.Ne3  1-0

[Event "Bundesliga 2009-10"]
[Site "Hamburg GER"]
[Date "2009.10.17"]
[Round "1"]
[White "Sarbok,T"]
[Black "Llaneza Vega,M"]
[Result "1-0"]
[WhiteElo "2319"]
[BlackElo "2504"]

1.e4 c5 2.Nf3 d6 3.Bb5+ Nd7 4.c3 Nf6 5.Qe2 a6 6.Ba4 b5 7.Bc2 Bb7 8.O-O Rc8
9.d4 Qc7 10.Bd3 e5 11.dxe5 dxe5 12.c4 b4 13.Re1 Be7 14.Nbd2 Nf8 15.Bc2 Ne6
16.Ba4+ Kf8 17.Bc2 Nf4 18.Qf1 Rd8 19.g3 Ne6 20.Qe2 g5 21.Nb3 h6 22.a3 Nd7
23.Rd1 g4 24.Ne1 h5 25.Ng2 bxa3 26.Rxa3 Nd4 27.Nxd4 cxd4 28.Ra1 Nc5 29.f3 gxf3
30.Qxf3 Rd6 31.b4 Rf6 32.Qe2 Ne6 33.c5 Rg6 34.Rf1 h4 35.Ra3 d3 36.Rxd3 Nd4
37.Rxd4 exd4 38.Qc4 Rf6 39.Bf4 Qd7 40.Nxh4 Qg4 41.Nf5 Rg8 42.b5 d3 43.c6 Bc8
44.Bxd3 axb5 45.Qxb5 Bxf5 46.exf5 Kg7 47.c7 Bd6 48.Be2 Qh3 49.Bxd6 Rxd6 50.Qe5+ Rf6
51.Ba6 Rh8 52.Rf2 Qh6 53.Qc3 Kh7 54.c8=Q Rxc8 55.Bxc8 Rc6 56.Qb3 Rc1+ 57.Rf1 Rxc8
58.Qxf7+ Kh8 59.Qe6 Qf8 60.Rf4 Rc1+ 61.Kg2 Rc2+ 62.Kh3 Rc7 63.Qe5+ Rg7 64.Rg4  1-0

[Event "Chigorin Mem Open"]
[Site "St Petersburg RUS"]
[Date "2009.10.17"]
[Round "2"]
[White "Yudin,S"]
[Black "Rjanova,V"]
[Result "1-0"]
[WhiteElo "2599"]
[BlackElo "2135"]

1.e4 c5 2.Nf3 d6 3.Bb5+ Nd7 4.d4 Nf6 5.Nc3 a6 6.Bxd7+ Nxd7 7.a4 b6 8.O-O e6
9.d5 e5 10.Nd2 Be7 11.Nc4 O-O 12.f4 f5 13.Qd3 g6 14.exf5 Rxf5 15.Ne4 Qc7
16.g4 Rf7 17.fxe5 Rxf1+ 18.Kxf1 Qd8 19.e6 Nf6 20.Nxf6+ Bxf6 21.Bf4 Be7 22.Qg3 Bh4
23.Qf3  1-0

[Event "Chigorin Mem Open"]
[Site "St Petersburg RUS"]
[Date "2009.10.17"]
[Round "2"]
[White "Trushelyov,V"]
[Black "Sjugirov,S"]
[Result "1/2-1/2"]
[WhiteElo "2396"]
[BlackElo "2585"]

1.e4 c5 2.Nf3 d6 3.Bb5+ Nc6 4.O-O Bd7 5.Re1 Nf6 6.h3 a6 7.Bf1 e5 8.c3 Be7
9.d4 cxd4 10.cxd4 Rc8 11.Nc3 O-O 12.Bg5 h6 13.Be3 b5 14.Rc1 Re8 15.a3 Bf8
16.b4 exd4 17.Bxd4 Nxd4 18.Qxd4 Be6 19.a4 Bc4 20.axb5 axb5 21.Nd2 Bxf1 22.Kxf1 Rb8
23.Nb3 g6 24.Nd5 Bg7 25.Nxf6+ Bxf6 26.Qd3 Qb6 27.Red1 Rbc8 28.Qxd6 Qxd6 29.Rxd6 Bc3
30.Nd4 Bxb4 31.Rxc8 Rxc8 32.Rd5 Rc4 33.f3 Be7 34.Nxb5 Bg5 35.Rd1 Rc2 36.Nd4 Ra2
37.Rd3 Bh4 38.Rd1 Bf2 39.Ne2 Be3 40.g3 Kg7 41.Rd3 Bb6 42.Rd6 Be3 43.Rd3 Bb6
44.Rd6 Be3  1/2-1/2